[Event "Open"]
[Site "Rijeka CRO"]
[Date "2007.11.26"]
[Round "2"]
[White "Ljubicic,F"]
[Black "Kranjcevic,M"]
[Result "1-0"]
[WhiteElo "2480"]
[BlackElo "2211"]

1.e4 c5 2.Nf3 d6 3.Bb5+ Nd7 4.O-O a6 5.Bc4 Ngf6 6.Re1 Nb6 7.d3 Bg4 8.Bb3 e6
9.c3 Be7 10.Nbd2 O-O 11.h3 Bh5 12.Nf1 h6 13.Ng3 Bg6 14.a4 Qc8 15.Bc2 a5 16.Nh2 Nfd7
17.f4 Bh4 18.Qg4 f5 19.Qxg6 Rf6 20.Qh5 Bxg3 21.Rf1 Qf8 22.Qf3 Bh4 23.Qe2 Re8
24.Bd2 e5 25.exf5 exf4 26.Qg4 Bg3 27.Bxf4 Bxf4 28.Qxf4 Re2 29.Bb3+ c4 30.Bxc4+ d5
31.Bb5 Rxb2 32.d4 Qd6 33.Ng4 Qxf4 34.Nxf6+ Nxf6 35.Rxf4 Ne4 36.c4 Nc3 37.c5 Nbxa4
38.Bf1 Kf7 39.Rf3 Rb4 40.Rc1 Ne4 41.c6 bxc6 42.Rxc6 Rxd4 43.Rc7+ Kf6 44.Bb5 Nac5
45.Be8 Rd1+ 46.Kh2 d4 47.Bh5 Re1 48.Rf7+ Ke5 49.Rxg7 d3 50.f6 Nxf6 51.Re7+ Ne6
52.Bf7 d2 53.Rxe6+ Kd4 54.Rd6+  1-0

[Event "WYb14"]
[Site "Kemer TUR"]
[Date "2007.11.27"]
[Round "10"]
[White "Wang Chen"]
[Black "Grandelius,N"]
[Result "1-0"]
[WhiteElo "2311"]
[BlackElo "2377"]

1.e4 c5 2.Nf3 d6 3.Bb5+ Bd7 4.Bxd7+ Qxd7 5.O-O Nf6 6.e5 dxe5 7.Nxe5 Qc8 8.Qf3 e6
9.d3 Be7 10.Nc3 O-O 11.Bg5 Nd5 12.Bd2 Nb4 13.Rac1 N8c6 14.Nxc6 Nxc6 15.Rfe1 Nd4
16.Qh3 Qc6 17.Bf4 Rad8 18.Qg4 b5 19.Be5 g6 20.Qh3 b4 21.Ne4 f6 22.Bxd4 cxd4
23.Nd2 f5 24.Nc4 Bf6 25.Qf3 Qxf3 26.gxf3 Kf7 27.a3 bxa3 28.Nxa3 a5 29.Nc4 a4
30.Ra1 Ra8 31.Ra2 Ra6 32.Rea1 Rfa8 33.b3 axb3 34.Rxa6 Rxa6 35.Rxa6 bxc2 36.Nd6+ Ke7
37.Nxf5+ gxf5 38.Rc6 Be5 39.Rxc2 Kf6 40.Rc6 Bf4 41.Kg2 h6 42.Ra6 Kf7 43.Ra4 Be5
44.Ra7+ Kg6 45.Rd7 f4 46.Ra7 Bf6 47.Ra5 e5 48.Kh3 Kf5 49.Ra8 Kg5 50.Rg8+ Kf5
51.Kg2 Bg5 52.Kf1 Ke6 53.Ke2 Kf7 54.Ra8 Kg6 55.Ra6+ Bf6 56.Ra1 Kh5 57.Rg1 Bh4
58.Rg4 Bg5 59.Kd2 Bh4 60.Kc2 Bxf2 61.Kb3 Be1 62.Kc4 Ba5 63.Kd5 Bc7 64.Ke4 Bd6
65.Kf5 Bc7 66.Rg7 Bd6 67.Rd7 Bb8 68.Rb7 Bd6 69.Rb6 Bc7 70.Ra6 Bb8 71.Rc6 Kh4
72.Rxh6+  1-0

[Event "WYb14"]
[Site "Kemer TUR"]
[Date "2007.11.27"]
[Round "10"]
[White "Firat,B"]
[Black "Arribas Lopez,A"]
[Result "1/2-1/2"]
[WhiteElo "2147"]
[BlackElo "2312"]

1.e4 c5 2.Nf3 d6 3.Bb5+ Nc6 4.O-O Bd7 5.Re1 a6 6.Bxc6 Bxc6 7.d4 cxd4 8.Nxd4 Rc8
9.c4 Nf6 10.Nc3 g6 11.Nxc6 Rxc6 12.Qe2 Bg7 13.Bg5 O-O 14.Nd5 Re8 15.Rad1 Nd7
16.b3 Rc8 17.Qd2 Ne5 18.f4 Nc6 19.Qf2 h6 20.Bh4 Qa5 21.e5 Qc5 22.exd6 exd6
23.Nf6+ Bxf6 24.Bxf6 Nb4 25.Bd4 Qf5 26.Qd2 Nc2 27.Rxe8+ Rxe8 28.Bb6 Re4 29.Rc1 Rxf4
30.g3 Rf3 31.Kg2 Na3 32.Qe2 Qd3 33.Qb2 Qe4 34.Kg1 h5 35.Bf2 Qf5 36.Re1 Kh7
37.Re8 Qb1+ 38.Qxb1 Nxb1 39.Rb8 g5 40.Rxb7 Nc3 41.Rb6 a5 42.Ra6 Nxa2 43.Rxa5 Nc3
44.b4 Ne4 45.Bd4 Kg6 46.Rd5 h4 47.b5 h3 48.b6 Nd2 49.Bf2 Nxc4 50.Rb5 Ra3
51.Bd4 Na5 52.Bb2 Rd3 53.b7 Nxb7 54.Rxb7 Rd1+ 55.Kf2 Rd2+ 56.Kg1 Rd1+ 57.Kf2 Rh1
58.g4 Rxh2+ 59.Kg3 Rh1 60.Rb6 h2 61.Rxd6+ Kh7 62.Bf6 Rg1+ 63.Kxh2 Rxg4 64.Kh3 Rh4+
65.Kg3 Kg6 66.Be7+ Kh5 67.Rd5 Rg4+ 68.Kf3 Rf4+ 69.Kg3 Rg4+ 70.Kf3 Rf4+ 71.Kg3  1/2-1/2

[Event "WYb14"]
[Site "Kemer TUR"]
[Date "2007.11.27"]
[Round "10"]
[White "Chan Wei Xuan,T"]
[Black "Robson,R"]
[Result "0-1"]
[WhiteElo "2231"]
[BlackElo "2368"]

1.e4 c5 2.Nf3 d6 3.Bb5+ Bd7 4.Bxd7+ Qxd7 5.O-O Nf6 6.Re1 e6 7.c3 Be7 8.d4 cxd4
9.cxd4 d5 10.e5 Ne4 11.Nbd2 Nxd2 12.Bxd2 O-O 13.Rc1 Nc6 14.Rc3 f5 15.exf6 Rxf6
16.Rce3 Bd6 17.Ng5 Bf4 18.Rh3 Bxd2 19.Qxd2 h6 20.Nf3 Raf8 21.Rg3 Qe7 22.Re2 Rc8
23.h4 Rcf8 24.a3 Rxf3 25.gxf3 Qf6 26.Re3 Nxd4 27.Rc3 Nf5 28.Rg4 h5 29.Rf4 d4
30.Rc7 e5 31.Rxf5 Qxf5 32.Qg5 Qxg5+ 33.hxg5 Rd8 34.Kf1 h4 35.g6 h3 36.Ke2 h2
37.Rc1 Kf8 38.Rh1 Rd6 39.Rxh2 Rxg6 40.Kd3 Rb6 41.b4 Ra6 42.Ke4 Rxa3 43.Kxe5 d3
44.Rh4 Rb3 45.Ke6 Kg8 46.Rd4 d2 47.Rxd2 Rxb4 48.Rd7 a5 49.f4 a4 50.f5 a3
51.Rd8+ Kh7 52.Rd3 Rb6+ 53.Ke7 a2  0-1

[Event "Open"]
[Site "Rijeka CRO"]
[Date "2007.11.27"]
[Round "4"]
[White "Ljubicic,F"]
[Black "Ribicic,M"]
[Result "1/2-1/2"]
[WhiteElo "2480"]
[BlackElo "2225"]

1.e4 c5 2.Nf3 d6 3.Bb5+ Bd7 4.a4 Nc6 5.O-O g6 6.Re1 Bg7 7.c3 Nf6 8.d4 cxd4
9.cxd4 d5 10.e5 Ne4 11.Nc3 Nxc3 12.bxc3 O-O 13.Ba3 Re8 14.Rb1 e6 15.Qd2 Na5
16.Qf4 a6 17.Bxd7 Qxd7 18.Bb4 Nc4 19.a5 Rec8 20.h4 h6 21.Nh2 Qd8 22.g3 h5
23.Nf3 Bf8 24.g4 Bxb4 25.cxb4 hxg4 26.Qxg4 Qe7 27.Rb3 Kg7 28.Rd1 Rh8 29.Ng5 Rh5
30.Rf3 Rf8 31.Rf6 Rh6 32.Rd3 Qxb4 33.Rdf3 Nxe5 34.Nxe6+ fxe6 35.Rxf8 Nxf3+  1/2-1/2

[Event "WYb18"]
[Site "Kemer TUR"]
[Date "2007.11.28"]
[Round "11"]
[White "Lehmann,A"]
[Black "Viela,A"]
[Result "1/2-1/2"]
[WhiteElo "2252"]
[BlackElo "2135"]

1.e4 c5 2.Nf3 d6 3.Bb5+ Nc6 4.d4 cxd4 5.Qxd4 Bd7 6.Bxc6 Bxc6 7.Nc3 e5 8.Qd3 h6
9.O-O Nf6 10.a4 Be7 11.Qe2 O-O 12.Rd1 Qc8 13.h3 Rd8 14.Bd2 b6 15.b4 Qb7 16.Re1 a6
17.Nh2 b5  1/2-1/2

[Event "WYb18"]
[Site "Kemer TUR"]
[Date "2007.11.28"]
[Round "11"]
[White "Lee Kim Han,E"]
[Black "Alvarez Ramirez,M"]
[Result "0-1"]
[WhiteElo "2045"]
[BlackElo "2204"]

1.e4 c5 2.Nf3 d6 3.Bb5+ Nc6 4.Bxc6+ bxc6 5.e5 Bg4 6.h3 Bxf3 7.Qxf3 d5 8.d3 e6
9.O-O Ne7 10.c4 Ng6 11.Be3 Be7 12.g4 Nh4 13.Qe2 h5 14.gxh5 f5 15.Nd2 Rb8
16.Nb3 d4 17.Bf4 a5 18.Rab1 a4 19.Nc1 Kd7 20.Kh2 Qe8 21.Rg1 Rxh5 22.Rxg7 Qh8
23.Rg3 Qh7 24.Qf1 Ng6 25.Ne2 Rh4 26.Rf3 Rh8 27.Qg2 Rg4 28.Qf1 Bg5 29.Bxg5 Nxe5
30.Rg3 Rxg5 31.f4 Rg4 32.Re1 Rxg3  0-1

[Event "TCh-AUT 1st Bundesliga 2007-8"]
[Site "Baden AUT"]
[Date "2007.11.30"]
[Round "1"]
[White "Wegerle,J"]
[Black "Likavsky,T"]
[Result "1-0"]
[WhiteElo "2413"]
[BlackElo "2496"]

1.e4 c5 2.Nf3 d6 3.Bb5+ Nd7 4.d4 a6 5.Bxd7+ Bxd7 6.Nc3 cxd4 7.Qxd4 e5 8.Qd3 Rc8
9.O-O h6 10.a4 Nf6 11.Be3 Be7 12.Nd2 Be6 13.Nd5 Bxd5 14.exd5 Ng4 15.Nc4 Nxe3
16.fxe3 O-O 17.b3 g6 18.e4 b5 19.axb5 axb5 20.Na5 Qb6+ 21.Kh1 Bg5 22.Nc6 Ra8
23.Rxa8 Rxa8 24.Qf3 Rf8 25.Qd3 h5 26.Qg3 Bf4 27.Qf3 h4 28.Qg4 Kg7 29.Ne7 Rh8
30.Nf5+ Kf8 31.Nxh4 Qe3 32.g3 Rxh4 33.gxh4 Qxe4+ 34.Qg2 Qd4 35.Qf3 Qd2 36.Rf2 Qe1+
37.Kg2 Kg7 38.Qe2 Qxe2 39.Rxe2 f5 40.b4 Kf6 41.c4 bxc4 42.b5 Ke7 43.Rc2 Be3
44.Rxc4 Bc5 45.Kf3 Kd7 46.h5 gxh5 47.Rh4 Ke7 48.Rxh5 Kf6 49.Rh8 Bg1 50.Rf8+  1-0

[Event "20th Belgrade Trophy"]
[Site "Belgrade SRB"]
[Date "2007.11.30"]
[Round "9"]
[White "Savic,Draga"]
[Black "Nadj Hedjesi,B"]
[Result "1/2-1/2"]
[WhiteElo "2229"]
[BlackElo "2380"]

1.e4 c5 2.Nf3 d6 3.Bb5+ Nd7 4.c3 Nf6 5.Qe2 a6 6.Ba4 b5 7.Bc2 Bb7 8.O-O e5
9.a4 Bc6 10.d4 Be7 11.d5 Bb7 12.axb5 axb5 13.Rxa8 Qxa8 14.Qxb5 O-O 15.Re1 Rb8
16.Qe2 Ba6 17.Bd3 Bxd3 18.Qxd3 Qa4 19.Na3 Nb6 20.Nd2 Nfd7 21.b3 Qa5 22.g3 g6
23.Qc2 Rf8 24.Ndc4 Qa6 25.f4 exf4 26.Bxf4 Nc8 27.Nb1 Bf6 28.Nbd2 Re8 29.Nf3 Kg7
30.Qb2 h6 31.h4 Kh7 32.Ra1 Qb7 33.Qc2 Be7 34.Rd1 Ndb6 35.Na5 Qd7 36.c4 Bf6
37.Nc6 Qg4 38.Kg2 Nd7 39.Re1 Ne5 40.Ncxe5 Bxe5 41.Nxe5 dxe5 42.Be3 f5 43.exf5 gxf5
44.Bxc5 Rg8 45.Qd3 e4 46.Qe3 Qxh4 47.Rf1 Qf6 48.Qf2 Rg5 49.Be3 Rh5 50.Bd4 Qg6
51.Qf4 Nd6 52.Rh1 Rg5 53.Be3 Nf7 54.Qc7 Rh5 55.Ra1 Qf6 56.Ra2 Kg7 57.Qa7 Kg8
58.Qa6 Qg7 59.Qe6 Kh7 60.Bd4 Qg6 61.Ba7 Rh2+ 62.Kf1 Rh1+ 63.Kg2 Rh2+  1/2-1/2

[Event "Open"]
[Site "Rijeka CRO"]
[Date "2007.11.30"]
[Round "7"]
[White "Padjen,Z"]
[Black "Steinhart,C"]
[Result "1/2-1/2"]
[WhiteElo "2124"]
[BlackElo "2016"]

1.e4 c5 2.Nf3 d6 3.Bb5+ Bd7 4.Bxd7+ Nxd7 5.O-O g6 6.d4 cxd4 7.Nxd4 Bg7 8.Nc3 a6
9.Be3 Ngf6 10.f4 O-O 11.Nb3 Rc8 12.Qf3 b5 13.a4 b4 14.Na2 Rxc2 15.Nxb4 Rxb2
16.Bd4 Nxe4 17.Bxb2 Qb6+ 18.Kh1 Qxb4 19.Bxg7 Kxg7 20.Qd3 Ndc5 21.Nxc5 Nxc5
22.Qe3 Qe4 23.Qc3+ Kg8 24.a5 e6 25.Rae1 Qa4 26.Ra1 Qe4 27.Rae1 Qa4 28.Ra1 Qe4  1/2-1/2

[Event "TCh-AUT 1st Bundesliga 2007-8"]
[Site "Baden AUT"]
[Date "2007.12.01"]
[Round "2"]
[White "Drabke,L"]
[Black "Wittmann,W"]
[Result "1-0"]
[WhiteElo "2411"]
[BlackElo "2304"]

1.e4 c5 2.Nf3 d6 3.Bb5+ Bd7 4.Bxd7+ Qxd7 5.O-O e6 6.c4 Nf6 7.Nc3 Nc6 8.d4 cxd4
9.Nxd4 Be7 10.b3 O-O 11.Bb2 Rfd8 12.Re1 a6 13.Nxc6 Qxc6 14.Rc1 b6 15.Re3 Qb7
16.Qe2 Rab8 17.a4 Rbc8 18.Re1 Nd7 19.Rg3 Bf6 20.Nb1 Qc7 21.Bxf6 Nxf6 22.Qb2 Kf8
23.Nc3 Qc5 24.Qd2 h6 25.Rd3 Ng4 26.Rd1 Ke7 27.Rg3 h5 28.h3 Nf6 29.Rg5 Qc6
30.Rxg7 Rg8 31.Rxg8 Rxg8 32.Qf4 Qc5 33.Rd3 Rg6 34.g3 Nd7 35.Qh4+ f6 36.Qf4 Ne5
37.Rd2 Qa3 38.Qe3 h4 39.Kg2 hxg3 40.f4 Nd7 41.f5 Rg5 42.h4 Rg4 43.fxe6 Ne5
44.Qh6 Ng6 45.Qg7+ Kxe6 46.Qg8+ Kd7 47.Qf7+ Kd8 48.Qxf6+ Kc7 49.Nd5+ Kc6
50.Qd8  1-0

[Event "67th ch-ITA"]
[Site "Martina Franca ITA"]
[Date "2007.12.01"]
[Round "8"]
[White "Godena,M"]
[Black "Caruana,F"]
[Result "0-1"]
[WhiteElo "2535"]
[BlackElo "2594"]

1.e4 c5 2.Nf3 d6 3.Bb5+ Nc6 4.O-O Bd7 5.Re1 Nf6 6.c3 a6 7.Ba4 b5 8.Bc2 Bg4
9.d3 e6 10.Nbd2 Be7 11.h3 Bh5 12.Nf1 O-O 13.Ng3 Bg6 14.Nh4 d5 15.exd5 Qxd5
16.Nxg6 hxg6 17.Qe2 Rfd8 18.a3 Rac8 19.Be3 Qe5 20.Qf3 Qc7 21.Bf4 Bd6 22.Bg5 Bxg3
23.Qxg3 Qxg3 24.fxg3 Rd5 25.Be3 Ne5 26.Red1 c4 27.d4 Nc6 28.g4 Rd7 29.Re1 Nd5
30.Bd2 Na5 31.Rad1 Nb3 32.Be3 a5 33.Be4 b4 34.axb4 axb4 35.Bxd5 Rxd5 36.Bf2 Ra8
37.Re2 bxc3 38.bxc3 Rda5 39.Be1 Ra1 40.Rxa1 Rxa1 41.Kh2 Kh7 42.g5 Nc1 43.Rc2 Nd3
44.Bg3 Kg8 45.Bd6 Ra6 46.Be7 Kh7 47.Kg3 Ra5 48.h4 Kg8 49.Bd6 f6 50.gxf6 gxf6
51.Kh3 Ra1 52.g4 Kf7 53.h5 g5 54.h6 Kg6 55.Bf8 Rc1 56.Ra2 Rxc3 57.Ra7 Nf4+
58.Kh2 Rh3+ 59.Kg1 Rg3+ 60.Kf2 Rxg4 61.h7 Rh4 62.Rg7+ Kf5 63.Rc7 Nd5  0-1

[Event "World Cup"]
[Site "Khanty-Mansiysk RUS"]
[Date "2007.12.02"]
[Round "3.3"]
[White "Macieja,B"]
[Black "Sasikiran,K"]
[Result "1/2-1/2"]
[WhiteElo "2606"]
[BlackElo "2661"]

1.e4 c5 2.Nf3 d6 3.Bb5+ Bd7 4.Bxd7+ Qxd7 5.c4 Nf6 6.Nc3 g6 7.d4 cxd4 8.Nxd4 Bg7
9.f3 O-O 10.Be3 Rc8 11.b3 a6 12.Rc1 Nc6 13.Nde2 Qd8 14.Qd2 Qa5 15.Na4 Qxd2+
16.Kxd2 Nd7 17.Nec3 e6 18.Rhd1 Kf8 19.Ke2 Ke7 20.c5 dxc5 21.Nxc5 Nd4+ 22.Bxd4 Bxd4
23.Nxd7 Rxc3 24.Rxc3 Bxc3 25.Nc5 Bb4 26.Nd3 Bd6 27.e5 Ba3 28.b4 a5 29.bxa5 Rxa5
30.Rd2 h5 31.Kd1 Rd5 32.Kc2 Kd7 33.Re2 Be7 34.Kc3 Ra5 35.Rc2 Ra4 36.Kb3 Ra3+
37.Kc4 Ra4+ 38.Kb5 Ra6 39.a4 Ra8 40.Rc4 Ra6 41.Rd4+ Kc7 42.Rc4+ Kd7 43.Rd4+ Ke8
44.Rc4  1/2-1/2

[Event "17th TCh-SLO w"]
[Site "Ljubljana SLO"]
[Date "2007.12.02"]
[Round "5"]
[White "Kozarski,L"]
[Black "Vombek,S"]
[Result "1/2-1/2"]
[WhiteElo "1656"]
[BlackElo "1859"]

1.e4 c5 2.Nf3 d6 3.Bb5+ Nd7 4.c3 Nf6 5.d3 a6 6.Ba4 e6 7.Nbd2 Be7 8.Nf1 O-O
9.Ng3 b5 10.Bc2 Qc7 11.O-O d5 12.d4 dxe4 13.Nxe4 Nxe4 14.Bxe4 Bb7 15.Bxb7 Qxb7
16.dxc5  1/2-1/2

[Event "Four Nations Jr Teams"]
[Site "Oslo NOR"]
[Date "2007.12.02"]
[Round "3"]
[White "Macenis,A"]
[Black "Rhee,A"]
[Result "1-0"]
[WhiteElo "2091"]
[BlackElo "2109"]

1.e4 c5 2.Nf3 d6 3.Bb5+ Nd7 4.d4 Nf6 5.Nc3 a6 6.Bxd7+ Nxd7 7.e5 e6 8.exd6 Bxd6
9.Ne4 Qc7 10.dxc5 Bxc5 11.Nxc5 Qxc5 12.O-O O-O 13.Be3 Qf5 14.c4 b5 15.Rc1 bxc4
16.Rxc4 Rb8 17.Rxc8 Rfxc8 18.Qxd7 Rd8 19.Qc7 Rdc8 20.Qg3 e5 21.b3 f6 22.Qh4 Rc2
23.Qa4 Qe6 24.Rd1 Rbc8 25.a3 Qd5 26.Rf1 f5 27.b4 e4 28.Nd4 R2c4 29.Ne2 Qb5
30.Qb3 a5 31.Nc3 Qb7 32.Na4 Kh8 33.Nb6 Rc3 34.Qe6 Rd8 35.Qxf5 axb4 36.axb4 Rc6
37.Na4 Rcd6 38.Nc3 Qxb4 39.Nxe4 Rd5 40.Qf3 Rf8 41.Qg4 Re5 42.f3 Qc4 43.Re1 Qd3
44.Qg3 Ref5 45.h3 Re8 46.Nd6 Rxe3 47.Nxf5 Rxe1+ 48.Qxe1 Qxf5 49.Qe8+ Qf8
50.Qxf8+  1-0

[Event "Four Nations Jr Teams"]
[Site "Oslo NOR"]
[Date "2007.12.02"]
[Round "3"]
[White "Hammer,J"]
[Black "Grandelius,N"]
[Result "1-0"]
[WhiteElo "2402"]
[BlackElo "2377"]

1.e4 c5 2.Nf3 d6 3.Bb5+ Bd7 4.Bxd7+ Qxd7 5.c4 Nf6 6.Nc3 g6 7.d4 cxd4 8.Nxd4 Bg7
9.f3 O-O 10.Be3 Nc6 11.O-O Nxd4 12.Bxd4 Qc6 13.b3 Nd7 14.Nd5 Bxd4+ 15.Qxd4 Rfe8
16.Rac1 a5 17.Qf2 Rac8 18.Qh4 Qc5+ 19.Kh1 Kg7 20.Rfd1 h6 21.Qe1 Ne5 22.Nc3 Qb4
23.f4 Nd7 24.e5 Nc5 25.exd6 exd6 26.Qf2 Ne6 27.Qb2 Kg8 28.Nd5 Qc5 29.Nf6+ Kf8
30.Nd7+  1-0

[Event "FSGM December"]
[Site "Budapest HUN"]
[Date "2007.12.04"]
[Round "4"]
[White "Kosanovic,G"]
[Black "Paschall,W"]
[Result "0-1"]
[WhiteElo "2400"]
[BlackElo "2352"]

1.e4 c5 2.Nf3 d6 3.Bb5+ Nc6 4.d4 cxd4 5.Qxd4 Bd7 6.Bxc6 Bxc6 7.Nc3 Nf6 8.Bg5 e6
9.O-O-O Be7 10.Rhe1 O-O 11.Qd2 Qa5 12.Kb1 Qa6 13.Nd4 Rfd8 14.f3 Rac8 15.g4 Be8
16.h4 Rc4 17.Nd5 exd5 18.Nf5 Bf8 19.Bxf6 gxf6 20.g5 Kh8 21.Rg1 Rdc8 22.c3 Ra4
23.b3 d4 24.cxd4 Ra5 25.gxf6 Bb5 26.Rg2 Bf1 27.Rf2 Rxf5 28.exf5 Bh3 29.d5 Bxf5+
30.Kb2 Qb6 31.Rg2 Rc2+ 32.Qxc2 Bxc2 33.Kxc2 Qc7+ 34.Kb1 Qd8 35.Re1 h5 36.Rg5 Bh6  0-1

[Event "Parsvnath ch-Commonwealth"]
[Site "New Delhi IND"]
[Date "2007.12.04"]
[Round "3"]
[White "Girinath,P"]
[Black "Mehar,C"]
[Result "1/2-1/2"]
[WhiteElo "2448"]
[BlackElo "2246"]

1.e4 c5 2.Nf3 d6 3.Bb5+ Nd7 4.d4 Nf6 5.Nc3 cxd4 6.Qxd4 e5 7.Qd3 h6 8.Nd2 a6
9.Bxd7+ Bxd7 10.Nc4 Bc6 11.Be3 b5 12.Nb6 Rb8 13.Nbd5 Nd7 14.b4 Nf6 15.O-O Be7
16.Rfd1 Nxd5 17.Nxd5 Bxd5 18.Qxd5 Qc7 19.Rdc1 O-O 20.c4 Qb7 21.a3 Qxd5 22.cxd5 Rfc8  1/2-1/2

[Event "Parsvnath ch-Commonwealth"]
[Site "New Delhi IND"]
[Date "2007.12.04"]
[Round "3"]
[White "Phoobalan,P"]
[Black "Arvind,U"]
[Result "1-0"]
[WhiteElo "2250"]
[BlackElo "1995"]

1.e4 c5 2.Nf3 d6 3.Bb5+ Nc6 4.O-O Bd7 5.Re1 e6 6.c3 g6 7.d4 cxd4 8.cxd4 Bg7
9.Nc3 a6 10.Bxc6 bxc6 11.d5 cxd5 12.exd5 Bxc3 13.bxc3 e5 14.Ba3 Qc7 15.Qd4 O-O-O
16.Qd3 Bb5 17.c4 Bxc4 18.Qd2 Nf6 19.Rac1 Kd7 20.Bxd6 Kxd6 21.Nxe5 Rc8 22.Qf4 Nxd5
23.Nxc4+ Kc5 24.Nd6+ Kb6 25.Qd4+ Qc5 26.Nxc8+ Rxc8 27.Rxc5  1-0

[Event "Parsvnath ch-Commonwealth"]
[Site "New Delhi IND"]
[Date "2007.12.04"]
[Round "3"]
[White "Shristi,J"]
[Black "Bhatt,V"]
[Result "1-0"]
[WhiteElo "1916"]
[BlackElo "2095"]

1.e4 c5 2.Nf3 d6 3.Bb5+ Bd7 4.Bxd7+ Qxd7 5.O-O Nc6 6.c3 Nf6 7.Re1 e6 8.d4 Be7
9.Bg5 Qc7 10.d5 Nd8 11.c4 e5 12.Nc3 O-O 13.Nb5 Qd7 14.Qd2 a6 15.Nc3 Nh5 16.Nh4 Nf4
17.Bxf4 Bxh4 18.Bg5 Bxg5 19.Qxg5 f5 20.f4 h6 21.Qg3 exf4 22.Qxf4 g5 23.Qd2 Nf7
24.exf5 Ne5 25.Qe2 Rxf5 26.Rf1 Raf8 27.Ne4 Qe7 28.Rxf5 Rxf5 29.Rf1 Rxf1+
30.Qxf1 Kg7 31.Ng3 Qf7 32.Nf5+ Kf8 33.Nxd6 Qxf1+ 34.Kxf1 Ke7 35.Nxb7 Nxc4
36.Nxc5 Nxb2 37.Nxa6 Nd3 38.a3 Kd6 39.Nb4 Nb2 40.Ke2 Nc4 41.Nc2 Ne5 42.Ne3 h5
43.Kd2 g4 44.Kc3 Kc5 45.a4 h4 46.a5 g3 47.hxg3 hxg3 48.a6 Nd7 49.Nc4 Nf6
50.d6 Kc6 51.Kd4 Ne8 52.a7 Kb7 53.d7 Nc7  1-0

[Event "Parsvnath ch-Commonwealth"]
[Site "New Delhi IND"]
[Date "2007.12.05"]
[Round "4"]
[White "Wijesuriya,GV"]
[Black "Ankit,R"]
[Result "1/2-1/2"]
[WhiteElo "1897"]
[BlackElo "2134"]

1.e4 c5 2.Nf3 d6 3.Bb5+ Bd7 4.Bxd7+ Qxd7 5.O-O Nf6 6.e5 dxe5 7.Nxe5 Qc7 8.Qe2 Nbd7
9.f4 g6 10.Nc3 a6 11.d3 Bg7 12.Re1 e6 13.Nxf7 Kxf7 14.Qxe6+ Kf8 15.Qe7+ Kg8
16.Qe6+  1/2-1/2

[Event "Parsvnath ch-Commonwealth"]
[Site "New Delhi IND"]
[Date "2007.12.05"]
[Round "5"]
[White "Thakur,Ak"]
[Black "Neelotpal,D"]
[Result "1/2-1/2"]
[WhiteElo "2243"]
[BlackElo "2489"]

1.e4 c5 2.Nf3 d6 3.Bb5+ Nc6 4.O-O Bd7 5.Re1 Nf6 6.c3 a6 7.Bf1 Bg4 8.d3 e6
9.h3 Bh5 10.Nbd2 Be7 11.a3 d5 12.exd5 Nxd5 13.Ne4 O-O 14.Ng3 Bg6 15.d4 cxd4
16.Nxd4 Nxd4 17.Qxd4 Qc7 18.c4 Nb6 19.Bf4 Qc6 20.b3 Rad8 21.Qb2 Nd7 22.Bd2 Nc5
23.Bc3 f6 24.Rad1 e5 25.Bb4 b6 26.Bxc5 Bxc5 27.Ne2 Bf7 28.b4 Bd6 29.Ng3 g6
30.Ne4 Be7 31.Nd2 a5 32.Qc3 axb4 33.axb4 Rfe8 34.Nb3 e4 35.c5 bxc5 36.Nxc5 Rc8
37.Bc4 Bf8 38.Bxf7+ Kxf7 39.Rd2 Re7 40.Qc4+ Kg7 41.Qd5  1/2-1/2

[Event "Open"]
[Site "Ascona SUI"]
[Date "2007.12.06"]
[Round "5"]
[White "Aranovitch,E"]
[Black "Stankovic,Ze"]
[Result "1-0"]
[WhiteElo "2402"]
[BlackElo "2228"]

1.e4 c5 2.Nf3 d6 3.Bb5+ Nd7 4.d4 Nf6 5.O-O cxd4 6.Qxd4 e5 7.Qd3 h6 8.c4 a6
9.Bxd7+ Bxd7 10.Nc3 Be7 11.Rd1 Rc8 12.Nd2 O-O 13.Nf1 Bg4 14.f3 Be6 15.Ne3 Nh5
16.Ned5 Bg5 17.b3 Bxc1 18.Raxc1 f5 19.exf5 Bxf5 20.Qe3 Be6 21.Ne4 Bf5 22.Ndc3 Rc6
23.c5 Bxe4 24.Nxe4 d5 25.Nc3 Nf6 26.Nxd5 Nxd5 27.Qxe5 Qa5 28.Qxd5+ Kh8 29.Rc2 Re8
30.Qd2 Qb5 31.b4 Rce6 32.Qc3 Re3 33.Qc4 Qa4 34.h3 Qa3 35.Qf4 Qa4 36.Rcd2 a5
37.Rd8 axb4 38.R1d7 Re1+ 39.Kh2 Rxd8 40.Rxd8+ Re8 41.Rxe8+ Qxe8 42.Qxb4 Qe5+
43.f4 Qe3 44.a4 g5 45.Qb2+ Kg8 46.Qe5 gxf4 47.Qxe3 fxe3 48.Kg3 Kf7 49.a5 Ke6
50.c6 bxc6 51.a6 Kd5 52.Kf3 Kd4 53.Ke2  1-0

[Event "Parsvnath ch-Commonwealth"]
[Site "New Delhi IND"]
[Date "2007.12.07"]
[Round "7"]
[White "Anurag,M"]
[Black "Manush,S"]
[Result "1-0"]
[WhiteElo "2092"]
[BlackElo "1911"]

1.e4 c5 2.Nf3 d6 3.Bb5+ Bd7 4.Bxd7+ Qxd7 5.O-O Nc6 6.c3 Nf6 7.Qe2 e6 8.d4 cxd4
9.cxd4 d5 10.e5 Ng8 11.Be3 Nge7 12.Nbd2 Nf5 13.Rac1 Be7 14.Nb3 b6 15.Rc3 Bd8
16.a3 O-O 17.Rfc1 Nfe7 18.Qc2 Rc8 19.Ng5 g6 20.Nxh7 Kxh7 21.Bg5 Nf5 22.Bxd8 Rfxd8
23.Rxc6 Rxc6 24.Qxc6 Qxc6 25.Rxc6 Rd7 26.Kf1 Kh6 27.Ke2 Kg5 28.h3 Re7 29.g3 Rd7
30.Kd3 Ne7 31.Rc3 Kh6 32.Nd2 Kg7 33.Nf3 Kh6 34.Ne1 Kg7 35.Nc2 Nf5 36.Nb4 Ne7
37.Na6 Kf8 38.Rc7 Rxc7 39.Nxc7 Nc6 40.Nb5 a6 41.Nd6 Kg7 42.Ne8+ Kf8 43.Nf6 Nb8
44.h4 Kg7 45.Kc3 Kh6 46.Ne8 Kh7 47.Nd6 Kg7 48.Nc8 Nd7 49.g4 f6 50.f4 fxe5
51.fxe5 Kf7 52.Kb4 Ke8 53.b3 Kd8 54.Nd6 Nf8 55.a4 Kc7 56.a5 Kc6 57.Nc8 b5
58.Nd6 Nh7 59.Nf7 Kd7 60.Kc5 Kc7 61.Ng5 Nf8 62.h5 gxh5 63.gxh5 Nd7+ 64.Kb4 Nf8
65.h6 Kd7 66.h7 Ng6 67.Nf7 Ke7 68.h8=Q Nxh8 69.Nxh8  1-0

[Event "Parsvnath ch-Commonwealth"]
[Site "New Delhi IND"]
[Date "2007.12.07"]
[Round "7"]
[White "Mari Arul,S"]
[Black "Tay Li Jin Jeslin"]
[Result "1-0"]
[WhiteElo "2285"]
[BlackElo "2050"]

1.e4 c5 2.Nf3 d6 3.Bb5+ Nd7 4.d4 Nf6 5.Nc3 a6 6.Bxd7+ Nxd7 7.O-O e6 8.Bg5 Qc7
9.d5 e5 10.a4 b6 11.Nd2 g6 12.Nc4 Bg7 13.Qd2 f6 14.Bh6 O-O 15.Bxg7 Kxg7 16.f4 Bb7
17.f5 Rf7 18.h4 Rh8 19.Rf3 Nf8 20.Ra3 Nd7 21.Rg3 Rb8 22.Nd1 b5 23.axb5 axb5
24.Nce3 Nf8 25.c4 b4 26.Rd3 Bc8 27.Ng4 Kh8 28.Rdf3 Qe7 29.Nde3 gxf5 30.Nh6 Ng6
31.exf5 Rg7 32.fxg6 hxg6 33.h5 e4 34.Rf4 Qe5 35.Qf2 gxh5 36.Rxg7 Kxg7 37.Nhf5+ Kf7
38.Qg3 Ke8 39.Rxe4  1-0

[Event "Parsvnath ch-Commonwealth"]
[Site "New Delhi IND"]
[Date "2007.12.07"]
[Round "7"]
[White "Shristi,J"]
[Black "Negi,V"]
[Result "1/2-1/2"]
[WhiteElo "1916"]
[BlackElo "2130"]

1.e4 c5 2.Nf3 d6 3.Bb5+ Bd7 4.Bxd7+ Qxd7 5.O-O Nc6 6.c3 Nf6 7.Re1 g6 8.d4 Bg7
9.Bg5 h6 10.Bxf6 Bxf6 11.dxc5 dxc5 12.Qxd7+ Kxd7 13.Na3 Rhd8 14.Nb5 Rac8
15.Rad1+ Ke8 16.Rd5 a6 17.Na3 e6 18.Rxd8+ Rxd8 19.Nc4 b5 20.Ne3 h5 21.Rd1 Ne5
22.Nxe5 Rxd1+ 23.Nxd1 Bxe5 24.g3 g5 25.Kf1 Kd7 26.Ke2 Kc6 27.Kd3 c4+ 28.Ke3 Kc5
29.f4 Bf6 30.e5 Bd8 31.Ke4 a5 32.a3 g4 33.Nf2 Kc6 34.h3 gxh3 35.Nxh3 f5+
36.exf6 Bxf6 37.Ng5 Kd7 38.Nf7 h4 39.gxh4 Bxh4 40.Ne5+ Kd6 41.Nf3 Bf6 42.Nd4 Bxd4
43.Kxd4 Kc6 44.Ke5 Kd7 45.a4 bxa4 46.Kd4 Kd6 47.Ke4 Kc6 48.Ke5 Kd7 49.Kd4 Kd6
50.Kxc4 Kc6 51.Kd4 Kb5 52.c4+ Kb4 53.c5 Kb5 54.Ke5 Kxc5 55.Kxe6 Kb4 56.f5 Kb3
57.f6 Kxb2 58.f7 a3 59.f8=Q a2 60.Qb8+  1/2-1/2

[Event "15th Salona"]
[Site "Solin CRO"]
[Date "2007.12.07"]
[Round "1"]
[White "Dembo,Y"]
[Black "Brkic,A"]
[Result "1/2-1/2"]
[WhiteElo "2448"]
[BlackElo "2577"]

1.e4 c5 2.Nf3 d6 3.Bb5+ Nc6 4.O-O Bd7 5.c3 Nf6 6.Re1 a6 7.Ba4 b5 8.Bc2 Bg4
9.d3 e6 10.Nbd2 Be7 11.h3 Bh5 12.Nf1 d5 13.Ng3 Bg6 14.Nh4 O-O 15.exd5 Qxd5
16.Nxg6 hxg6 17.Qe2 Rfd8 18.Be3 Qd7 19.Ne4 Nxe4 20.dxe4 Qc7 21.f4 Rac8 22.Qf2 b4
23.f5 bxc3 24.bxc3 Qe5 25.Rf1 Bd6 26.g3 Qxc3 27.Bb3 Kh7 28.Rac1 Qe5 29.fxg6+ fxg6
30.Bf4 Qh5 31.Bxe6 Bxf4 32.gxf4 Nd4 33.Bg4 Qh6 34.Bxc8 Rxc8 35.Kg2 Rf8 36.Rc3 g5
37.f5 Qb6 38.Kg1 Re8 39.Re1 Re5 40.Qg3 Qb2 41.Kh1 Ne2 42.Rxe2  1/2-1/2

[Event "Bundesliga 2007-8"]
[Site "Eppingen GER"]
[Date "2007.12.08"]
[Round "5"]
[White "Senff,M"]
[Black "Bromberger,S"]
[Result "1/2-1/2"]
[WhiteElo "2474"]
[BlackElo "2491"]

1.e4 c5 2.Nf3 d6 3.Bb5+ Bd7 4.Bxd7+ Qxd7 5.O-O Nf6 6.Re1 Nc6 7.c3 e6 8.d4 cxd4
9.cxd4 d5 10.e5 Ne4 11.Nbd2 Nxd2 12.Bxd2 Be7 13.Rc1 O-O 14.Rc3 f6 15.exf6 Rxf6
16.Rce3 Bd6 17.Qe2 Re8 18.Qd3 h6 19.Bc3 Qf7 20.h3 a6 21.Qe2 Bf4 22.Rd3 Rf8
23.a3 Qh5 24.Kf1 Bb8 25.Re3 R8f7 26.Kg1 Rf8  1/2-1/2

[Event "ch-GRE"]
[Site "Igoumenitsa GRE"]
[Date "2007.12.08"]
[Round "8"]
[White "Gavrilakis,N"]
[Black "Banikas,H"]
[Result "0-1"]
[WhiteElo "2437"]
[BlackElo "2591"]

1.e4 c5 2.Nf3 d6 3.Bb5+ Nc6 4.O-O Bd7 5.Re1 Nf6 6.c3 a6 7.Bf1 Bg4 8.d3 e6
9.Nbd2 d5 10.h3 Bh5 11.exd5 Nxd5 12.g4 Bg6 13.Nc4 Qc7 14.Nfe5 Nxe5 15.Nxe5 Bd6
16.Nxg6 hxg6 17.Qf3 O-O-O 18.a3 Kb8 19.c4 Ne7 20.b4 Nc6 21.Bb2 Bh2+ 22.Kh1 Be5
23.Bxe5 Nxe5 24.Rxe5 Qxe5 25.Rb1 Rd7 26.bxc5 Qxc5 27.Bg2 Qe7 28.Qc6 Rc8 29.Qxa6 Rcc7
30.Qa4 Qd6 31.Rb3 f5 32.Bf3 Qd4 33.Kg2 e5 34.Qb5 e4 35.dxe4 fxe4 36.Be2 Rc5
37.Qa4 Rc8 38.Re3 Rf8 39.Bf1 Rdf7 40.Qc2 Rxf2+ 41.Qxf2 Rxf2+ 42.Kxf2 b6 43.Ke2 Qxc4+
44.Ke1 Qc1+ 45.Ke2 Qc2+ 46.Ke1 Kc7  0-1

[Event "Bundesliga 2007-8"]
[Site "Kreuzberg GER"]
[Date "2007.12.08"]
[Round "5"]
[White "Mainka,R"]
[Black "Tischbierek,R"]
[Result "1-0"]
[WhiteElo "2496"]
[BlackElo "2487"]

1.e4 c5 2.Nf3 d6 3.Bb5+ Bd7 4.Bxd7+ Qxd7 5.c4 e5 6.Nc3 g6 7.d3 Bg7 8.a3 Nc6
9.Rb1 Nge7 10.b4 Nd4 11.bxc5 dxc5 12.Nxd4 cxd4 13.Nd5 Nxd5 14.cxd5 O-O 15.O-O f5
16.Bd2 f4 17.f3 Rf6 18.Qb3 Rb6 19.Qa2 Bf8 20.a4 Bd6 21.Rbc1 g5 22.Rc2 Rc8
23.Rfc1 Rxc2 24.Rxc2 g4 25.a5 Rb5 26.a6 gxf3 27.gxf3 Qh3 28.Be1 Qxf3 29.axb7 Rxb7
30.Rg2+ Kf7 31.Qa6 Rd7 32.Qc8 Qe3+ 33.Bf2  1-0